La metáfora y la metonimia

Сохранить в:
Библиографические подробности
Главный автор: Le Guern, Michel
Формат:
Язык:Undetermined
Опубликовано: Madrid, España Cátedra 1976
Предметы:
Метки: Добавить метку
Нет меток, Требуется 1-ая метка записи!

MARC

LEADER 00000nam a2200000Ia 4500
008 170316s9999 xx 000 0 und d
090 |a 415-E L-4m 
100 |a Le Guern, Michel 
245 |a La metáfora y la metonimia 
260 |a Madrid, España 
260 |b Cátedra 
260 |c 1976 
300 |a 147 páginas 
650 |a GRAMÁTICA ESPAÑOLA 
999 |c 19006  |d 19006 
040 |a cru BVZT 
942 |c 15 D  |h 415-E L-4m  |2 z